| 000 | 00700nam a2200205 i 4500 | ||
|---|---|---|---|
| 001 | 188499 | ||
| 003 | ES-MaACL | ||
| 005 | 20251019063059.0 | ||
| 008 | 181211s1932 fr |||| | fre d | ||
| 100 | 1 |
_aDostoievski, Fiódor, _d1821-1881 _9242371 |
|
| 245 | 1 | 4 |
_aLes Démons / _cDostoïevski ; traduction de Boris de Schloezer. |
| 260 |
_aParis : Nouvelle Revue Française, _c1932. |
||
| 300 |
_a2 v ; _c22 cm. |
||
| 490 | 1 | _aOeuvres complètes de Dostoïevski | |
| 500 | _aExemplaire sur "Chiffon de Bruges", nº 750. | ||
| 700 | 0 |
_aSchloezer, Boris de. _9104429 |
|
| 830 | 0 |
_aOeuvres complètes de Dostoïevski _9193063 |
|
| 852 |
_aES-MaACL _jC-22186-87 |
||
| 999 |
_c188499 _d188499 |
||